000 00949nam a22002537a 4500
003 BUBTL
008 230102b ||||| |||| 00| 0 eng d
020 _a9780393967920
082 _a814.3/ Em33e/ 2001
100 _95129
_aEmerson, Ralph Waldo
245 _aEmerson's prose and poetry :
_bauthoritative texts, contexts, criticism /
_cRalph Waldo Emerson, Joel Porte, Saundra Morris
250 _a1st Edn.
260 _aNew York:
_bW. W. Norton & Company,
_cc2001
300 _axvi, 800 p.:
_c25 cm.
440 _94237
_aA Norton Critical Edition
500 _aIncludes Index
505 _aEmerson's prose and poetry, authoritative texts, contexts, criticism, Ralph Waldo Emerson, Joel Porte, Saundra Morris, English Literature, English
650 0 _91994
_aEnglish Literature
700 _95130
_aPorte, Joel
700 _95131
_aMorris, Saundra
856 _k0
_l0
_yDownload
942 _2ddc
_cBK
999 _c6894
_d6894